|
|
|
|
| LEADER |
00591cam a2200205ua 4500 |
| 008 |
090128t2000||||||||||| 00 ||mal c |
| 041 |
0 |
|
|a mal
|
| 082 |
|
|
|a M894.812 1
|b NAR/P
|
| 100 |
0 |
|
|a Narayana Menon, Kundoor
|
| 245 |
1 |
0 |
|a Pakkanar-Study /
|
| 250 |
|
|
|a 1st ed.
|
| 260 |
|
|
|a Calicut:
|b Lipi,
|c 2000.
|
| 300 |
|
|
|a 63p..
|
| 362 |
1 |
|
|a 2000.
|
| 365 |
|
|
|e pb
|
| 650 |
|
|
|a Paakkanar-Study
|
| 650 |
0 |
|
|a Malayalam Literature
|
| 942 |
|
|
|c BK
|
| 999 |
|
|
|c 19974
|d 19974
|
| 952 |
|
|
|0 0
|1 0
|4 0
|6 M_894_812000000000000_1_NAR
|7 0
|9 20967
|a KUCL
|b KUCL
|d 2014-05-23
|l 0
|o M894.812 1 NAR/
|p G0778
|r 2014-05-23
|w 2014-05-23
|y BK
|